Logo BPK

Biblioteka

Politechniki Koszalińskiej

Mała energetyka - 96 : (Rekord nr 45282)

Szczegóły MARC
000 -ETYKIETA REKORDU
podpole kontrolne o stałej długości 00933nam a2200229 i 4500
001 - NUMER KONTROLNY REKORDU
pole kontrolne bg
020 ## - MIĘDZYNARODOWY ZNORMALIZOWANY NUMER KSIĄŻKI - ISBN
ISBN 8390609002
040 ## - ŹRÓDŁO KATALOGOWANIA
Instytucja, która utworzyła rekord BPK
041 0# - KOD JĘZYKA
Kod języka tekstu poleng
080 ## - UNIWERSALNA KLASYFIKACJA DZIESIĘTNA - UKD
UKD 621.311:620.9:504.03](061)
920 ## - Międzynarodowy znormalizowany numer książki – ISBN
ISBN 83-906090-0-2
008 - POLE O STAŁEJ DŁUGOŚCI - DANE KONTROLNE
podpole kontrolne o stałej długości s pl f |000 0 pol
111 2# - NAZWA IMPREZY
Nazwa imprezy Ogólnopolskie Forum Mała Energetyka'96
Oznaczenie części/sekcji/imprezy (4 ;
Data imprezy 1996 ;
Miejsce imprezy Chańcza, woj. kieleckie).
245 00 - TYTUŁ/ODPOWIEDZIALNOŚĆ
Tytuł Mała energetyka - 96 :
Ciąg dalszy tytułu (z energii źródeł odnawialnych) : III konferencja naukowo-techniczna, 28-30 maja 1996, Chancza, woj kieleckie : referaty sesji /
Pozostałe elementy strefy tytułu i oznaczenia odpowiedzialności Ogólnopolskie Forum "Mała Energetyka".
260 ## - STREFA ADRESU WYDAWNICZEGO
Miejsce wydania [Kielce] :
Nazwa wydawcy/dystrybutora OF "ME",
Data publikacji, dystrybucji/powstania dokumentu [1996].
300 ## - STREFA OPISU FIZYCZNEGO
Objętość 400 s. pag. varia :
Inne cechy fizyczne il. (w tym kolor.), mapy ;
Rozmiary 29 cm.
500 ## - UWAGI OGÓLNE
Tekst uwagi Na okł. podtyt. : (energia ze źródeł odnawialnych). - Tekst częśc. ang.
504 ## - UWAGA DOTYCZĄCA BIBLIOGRAFII
Informacje o bibliografii Bibliogr. przy ref.
650 #9 - HASŁO PRZEDMIOTOWE W FORMIE NAZWY OGÓLNEJ LUB JEDNOSTKOWEJ
Nazwa ogólna lub geograficzna Odnawialne źródła energii
655 ## - TERMIN INDEKSOWY - OKREŚLENIE RODZAJU/FORMY DOKUMENTU
Określenie rodzaju/formy dokumentu Materiały konferencyjne
942 ## - DODATKOWE ELEMENTY (KOHA)
Typ dokumentu Książka
Egzemplarze
Wycofany Status egzemplarza Uszkodzony Dostępność Lokalizacja stała Lokalizacja bieżąca Miejsce przechowywania Sygnatura Kod kreskowy Dział Typ dokumentu
      Tylko na miejscu Biblioteka Politechniki Koszalińskiej Biblioteka Politechniki Koszalińskiej Czytelnia BG 73665 02214894 620.91/.93 Gospodarka energetyczna Książka
© 2023 Biblioteka Politechniki Koszalińskiej :: KOHA